Keeping the Sabbath wholly : (Record no. 4975)

MARC details
000 -LEADER
fixed length control field 00724cam a22002292 4500
001 - CONTROL NUMBER
control field 0000000912
005 - DATE AND TIME OF LATEST TRANSACTION
control field 20151217151800.0
008 - FIXED-LENGTH DATA ELEMENTS--GENERAL INFORMATION
fixed length control field 070222s xx 000 0 eng d
020 ## - INTERNATIONAL STANDARD BOOK NUMBER
International Standard Book Number 082804578 :
Terms of availability KES 1,700
040 ## - CATALOGING SOURCE
Original cataloging agency KABU
Transcribing agency KABU
050 #0 - LIBRARY OF CONGRESS CALL NUMBER
Classification number BV4670
Item number .D39
100 1# - MAIN ENTRY--PERSONAL NAME
Personal name Dawn, Marva J.
-- 0000149332
245 10 - TITLE STATEMENT
Title Keeping the Sabbath wholly :
Remainder of title ceasing, resting, embracing, feasting /
Statement of responsibility, etc. Marva J. Dawn.
260 ## - PUBLICATION, DISTRIBUTION, ETC. (IMPRINT)
Place of publication, distribution, etc. Grand Rapids, MI :
Name of publisher, distributor, etc. W. B. Eerdmans,
Date of publication, distribution, etc. c1989.
300 ## - PHYSICAL DESCRIPTION
Extent xv, 217 p. ;
Dimensions 22 cm.
650 #0 - SUBJECT ADDED ENTRY--TOPICAL TERM
Topical term or geographic name as entry element Ten commandments
General subdivision Sabbath.
-- 0000149352
650 #0 - SUBJECT ADDED ENTRY--TOPICAL TERM
Topical term or geographic name as entry element Sunday.
-- 0000149353
650 #0 - SUBJECT ADDED ENTRY--TOPICAL TERM
Topical term or geographic name as entry element Sabbath.
-- 0000149354
908 ## - PUT COMMAND PARAMETER (RLIN)
Put command parameter 070222
950 ## - LOCAL HOLDINGS (RLIN)
-- 1
Holdings
Withdrawn status Lost status Source of classification or shelving scheme Not for loan Home library Current library Date acquired Total Checkouts Full call number Barcode Date last seen Date last checked out Price effective from Koha item type
    Library of Congress Classification   Kabarak, Main Campus Kabarak, Main Campus 17/12/2015 1 BV4670 .D39 000830 17/06/2016 02/06/2016 17/12/2015 General Collection
Designed with assistance from East African Informatics Ltd